000 00704cam a2200157 4500500
005 20260405000531.0
041 _afre
042 _adc
100 1 0 _aRibereau-Gayon, Philippe
_eauthor
245 0 0 _aThibaut Giraud, La parole aux machines, Philosophie des grands modèles de langage. Grasset, 2025, 480 pages, €25.
260 _c2026.
500 _a29
520 _aAs Art Deco celebrates its centenary, a number of exhibitions in Paris and the surrounding area reflect on the singularity and influence of this movement.
786 0 _nÉtudes | 4335 | 3 | 2026-02-25 | p. 123a-124 | 0014-1941
856 4 1 _uhttps://shs.cairn.info/journal-etudes-2026-3-page-123a?lang=en&redirect-ssocas=7080
999 _c2038077
_d2038077